Journal of information, control and management systems

Bibliographic Details
Previous Title:Studies of the Faculty of Management Science and Informatics
Other Authors: Martincová, Penka, 1952- (Publishing director), Lendel, Viliam, 1982- (Publishing director)
Format: Journal
Language:English
Slovak
PhysicalDescription:zv. 25 cm
Published: Žilina University of Žilina, Faculty of Management Science and Informatics 2003-
ISSN:1336-1716
1335-3810
Subjects:

MARC

LEADER 00000cas a2200000 a 4500
001 vtls010613399
003 SK-MaSNL
005 20260424124343.0
008 140808c20039999xo fr p 0 b0eng
022 |a 1336-1716 
040 |a BA003  |b slo  |c BA003  |d SVKBB  |d SNK  |e AACR2 
041 0 |a eng  |a slo  |b eng  |b slo 
044 |a xo  |c SK 
072 7 |a 005  |x Manažment. Riadenie  |2 konspekt 
072 7 |a 004  |x Počítačová veda. Výpočtová technika. Informačné technológie  |2 konspekt 
080 |a 005  |2 2011 
080 |a 004  |2 2011 
080 |a 050  |2 2011 
080 |a (051)-027.561  |2 2011 
210 0 |a J. inf. control. manag. syst. 
222 0 |a Journal of information, control and management systems 
245 0 0 |a Journal of information, control and management systems 
260 |a Žilina  |b University of Žilina, Faculty of Management Science and Informatics  |c 2003- 
300 |a zv.  |c 25 cm 
310 |a 2x ročne 
362 0 |a Vol. 1, No. 1 (2003)- 
500 |a Šéfredaktor: 2013-2016, Penka Martincová ; 2017- , Viliam Lendel 
500 |a Popis podľa: R. 2013 
504 |a Bibliogr. 
515 |a V r. 2019 okrem č. 2 vyšlo aj č. 2A 
546 |a Text aj v slov. ; res. angl., slov. 
650 0 7 |a manažment  |2 SNKPH  |9 922 
650 0 7 |a výpočtová technika  |2 SNKPH  |9 1126 
655 7 |a odborné časopisy  |2 SNKPH  |9 70505 
700 1 |a Martincová, Penka,  |d 1952-  |4 pbd  |9 232980 
700 1 |a Lendel, Viliam,  |d 1982-  |4 pbd  |9 9445 
710 2 |a Žilinská univerzita v Žiline.  |b Fakulta riadenia a informatiky  |4 pbl  |9 183969 
780 0 0 |t Studies of the Faculty of Management Science and Informatics  |x 1335-3810 
910 |a snk 
916 |a 2013-2018, 2019, 2020, 2021 
999 |c 4665  |d 6595 
952 |t č. 1-2, 2A  |a SNK  |b SNK  |y PREZ  |7 0  |p 17A1432610  |o snkČSC 4009/17/2019  |i snk2020/21962  |8 0  |f 1  |0 0  |1 0  |4 0  |d 2020-12-07  |l 0  |r 2026-02-21 19:24:38  |w 2026-02-21 
952 |t č. 1-2  |a SNK  |b SNK  |y PREZ  |7 0  |p 17A1434955  |o snkČSC 4009/18/2020  |i snk2021/8457  |8 0  |f 1  |0 0  |1 0  |4 0  |d 2021-07-09  |l 0  |r 2026-02-21 20:00:20  |w 2026-02-21 
952 |t č. 1-2  |a SNK  |b SNK  |y PREZ  |7 0  |p 17A1465486  |o snkČSC 4009/19/2021  |i snk2023/2437  |8 0  |0 0  |1 0  |4 0  |d 2023-02-09  |l 0  |r 2026-02-21 20:02:22  |w 2026-02-21 
952 |t č. 1-2  |a SNK  |b SNK  |y PREZ  |7 0  |p 17A1369705  |o snkČSC 4009/11/2013  |i snk2019/19696  |8 0  |f 1  |0 0  |1 0  |4 0  |d 2019-07-31  |l 0  |r 2026-02-21 22:21:49  |w 2026-02-21 
952 |t č. 1-2  |a SNK  |b SNK  |y PREZ  |7 0  |p 17A1369704  |o snkČSC 4009/11/2013 D1  |i snk2019/19697  |8 0  |0 0  |1 0  |4 0  |d 2019-07-31  |l 0  |r 2026-02-21 22:21:53  |w 2026-02-21 
952 |t č. 1-2  |a SNK  |b SNK  |y PREZ  |7 0  |p 17A1369703  |o snkČSC 4009/12/2014  |i snk2019/19700  |8 0  |f 1  |0 0  |1 0  |4 0  |d 2019-07-31  |l 0  |r 2026-02-21 22:21:53  |w 2026-02-21 
952 |t č. 1-2  |a SNK  |b SNK  |y PREZ  |7 0  |p 17A1369702  |o snkČSC 4009/12/2014 D1  |i snk2019/19701  |8 0  |0 0  |1 0  |4 0  |d 2019-07-31  |l 0  |r 2026-02-21 22:21:53  |w 2026-02-21 
952 |t č. 1-2  |a SNK  |b SNK  |y PREZ  |7 0  |p 17A1369701  |o snkČSC 4009/13/2015  |i snk2019/19702  |8 0  |f 1  |0 0  |1 0  |4 0  |d 2019-07-31  |l 0  |r 2026-02-21 22:21:53  |w 2026-02-21 
952 |t č. 1-2  |a SNK  |b SNK  |y PREZ  |7 0  |p 17A1369700  |o snkČSC 4009/13/2015 D1  |i snk2019/19703  |8 0  |0 0  |1 0  |4 0  |d 2019-07-31  |l 0  |r 2026-02-21 22:21:53  |w 2026-02-21 
952 |t č. 1-2  |a SNK  |b SNK  |y PREZ  |7 0  |p 17A1369699  |o snkČSC 4009/14/2016  |i snk2019/19706  |8 0  |f 1  |0 0  |1 0  |4 0  |d 2019-07-31  |l 0  |r 2026-02-21 22:21:53  |w 2026-02-21 
952 |t č. 1-2  |a SNK  |b SNK  |y PREZ  |7 0  |p 17A1369698  |o snkČSC 4009/14/2016 D1  |i snk2019/19707  |8 0  |0 0  |1 0  |4 0  |d 2019-07-31  |l 0  |r 2026-02-21 22:21:53  |w 2026-02-21 
952 |t č. 1-2  |a SNK  |b SNK  |y PREZ  |7 0  |p 17A1369697  |o snkČSC 4009/15/2017  |i snk2019/19708  |8 0  |f 1  |0 0  |1 0  |4 0  |d 2019-07-31  |l 0  |r 2026-02-21 22:21:53  |w 2026-02-21 
952 |t č. 1-2  |a SNK  |b SNK  |y PREZ  |7 0  |p 17A1369696  |o snkČSC 4009/15/2017 D1  |i snk2019/19710  |8 0  |0 0  |1 0  |4 0  |d 2019-07-31  |l 0  |r 2026-02-21 22:21:53  |w 2026-02-21 
952 |t č. 1-2  |a SNK  |b SNK  |y PREZ  |7 0  |p 17A1369695  |o snkČSC 4009/16/2018  |i snk2019/19711  |8 0  |f 1  |0 0  |1 0  |4 0  |d 2019-07-31  |l 0  |r 2026-02-21 22:21:53  |w 2026-02-21 
952 |t č. 1-2  |a SNK  |b SNK  |y PREZ  |7 0  |p 17A1369694  |o snkČSC 4009/16/2018 D1  |i snk2019/19713  |8 0  |0 0  |1 0  |4 0  |d 2019-07-31  |l 0  |r 2026-02-21 22:21:53  |w 2026-02-21